[Event "Challenge"]
[Site "http://www.queenalice.com/game.php?id=1631733"]
[Date "2020.11.3"]
[Round "-"]
[White "BasterMater"]
[Black "Vilnius"]
[Result "0-1"]
[WhiteElo "1908"]
[BlackElo "2078"]

1. d4 e6 2. c4 d5 3. cxd5 exd5 4. Nc3 Bb4 5. Bd2 Nf6 6. a3 Bxc3 7. Bxc3 O-O 8.
e3 Ne4 9. Nf3 Nxc3 10. bxc3 Bg4 11. Be2 a6 12. O-O Nd7 13. Qb3 Nb6 14. Qc2 Nd7
15. Qb3 Nb6 16. Rfe1 c6 17. Ne5 Be6 18. Rab1 Nc4 19. Nxc4 dxc4 20. Bxc4 Bxc4 21.
Qxc4 Qc7 22. Qb3 b5 23. c4 Rfb8 24. cxb5 axb5 25. Rec1 Qd6 26. Ra1 Rb6 27. a4
Rba6 28. Rc2 Rxa4 29. Rxa4 Rxa4 30. Qc3 b4 31. Qb2 Ra3 32. g3 Qd5 33. h4 Qd6 34.
Rc4 b3 35. Rc5 Qb8 36. Rxc6 Ra7 37. Rc3 Rb7 38. Kf1 h6 39. Ke2 Rb4 40. Rc1 Qb5+
41. Ke1 Rc4 42. Rxc4 Qxc4 43. Kd2 Qb4+ 44. Kd3 f5 45. Qc3 Qb5+ 0-1

[Event "Challenge"]
[Site "http://www.queenalice.com/game.php?id=1634311"]
[Date "2020.11.26"]
[Round "-"]
[White "BOY2020"]
[Black "BasterMater"]
[Result "1-0"]
[WhiteElo "1960"]
[BlackElo "1936"]

1. e4 c5 2. Nf3 Nc6 3. d4 cxd4 4. Nxd4 e5 5. Nxc6 bxc6 6. Bd3 Nf6 7. O-O Be7 8.
Be3 O-O 9. Nc3 d5 10. exd5 cxd5 11. Bg5 Be6 12. Re1 e4 13. Bf1 Rb8 14. Rb1 h6
15. Bf4 Bd6 16. Bxd6 Qxd6 17. Nxe4 1-0

[Event "Challenge"]
[Site "http://www.queenalice.com/game.php?id=1634312"]
[Date "2020.11.26"]
[Round "-"]
[White "BasterMater"]
[Black "tewald"]
[Result "0-1"]
[WhiteElo "1921"]
[BlackElo "1985"]

1. d4 e6 2. e4 d5 3. Bd3 c5 4. exd5 exd5 5. dxc5 Bxc5 6. Nf3 Nf6 7. Bg5 O-O 8.
O-O Nbd7 9. Nbd2 h6 10. Bh4 Qb6 11. b3 Re8 12. Bg3 Nh5 13. c4 Nxg3 14. hxg3 Nf6
15. cxd5 Nxd5 16. Nc4 Qc7 17. Nce5 Rxe5 18. Nxe5 Qxe5 19. Kh2 Be6 20. f4 Qf6 21.
Rc1 Ba3 22. Qf3 Bxc1 23. Rxc1 Rd8 24. Be4 b6 25. Rd1 Nc7 26. Rxd8+ Qxd8 27. Qd3
Qxd3 28. Bxd3 Ne8 29. Bb5 Nd6 30. Bd3 Bd5 31. g4 Ne4 0-1

[Event "Challenge"]
[Site "http://www.queenalice.com/game.php?id=1634970"]
[Date "2020.12.1"]
[Round "-"]
[White "BankerRasmus"]
[Black "BasterMater"]
[Result "1-0"]
[WhiteElo "1916"]
[BlackElo "1899"]

1. e4 c5 2. Nf3 Nc6 3. Nc3 e6 4. d4 d5 5. Bb5 Bd7 6. a4 a6 7. Bxc6 Bxc6 8. Ne5
Nf6 9. Nxc6 bxc6 10. e5 Nd7 11. Qg4 cxd4 12. Qxd4 Bc5 13. Qg4 Qb6 14. Qxg7 Bxf2+
15. Ke2 O-O-O 16. Qxf7 Bd4 17. a5 Qc7 18. Kd1 Nxe5 19. Qxc7+ Kxc7 20. Ne2 Bc5
21. b4 Bxb4 22. Nd4 Kd6 23. Ra4 Bc5 24. Nb3 Ba7 25. Bf4 Bb8 26. Re1 Rhg8 27.
Bxe5+ Ke7 28. Rf4 Bxe5 29. Rxe5 Rxg2 30. Rh5 Rg7 31. Nd4 Rd6 32. Rfh4 c5 33. Nf3
Kd8 34. Rxh7 Rxh7 35. Rxh7 Rd7 36. Rh8+ Kc7 37. Ng5 e5 38. Ne6+ Kc6 39. Rb8 1-0

[Event "Challenge"]
[Site "http://www.queenalice.com/game.php?id=1639313"]
[Date "2021.1.9"]
[Round "-"]
[White "glennedy"]
[Black "BasterMater"]
[Result "0-1"]
[WhiteElo "1963"]
[BlackElo "1884"]

1. e4 c5 2. Nf3 Nc6 3. Nc3 e6 4. a3 d5 5. exd5 exd5 6. Bb5 a6 7. Bxc6+ bxc6 8.
O-O Bd6 9. d3 Ne7 10. Re1 O-O 11. Be3 d4 12. Nxd4 cxd4 13. Bxd4 Bxh2+ 14. Kxh2
Qxd4 15. Rxe7 Qh4+ 0-1

[Event "Challenge"]
[Site "http://www.queenalice.com/game.php?id=1640842"]
[Date "2021.1.21"]
[Round "-"]
[White "sasquatico"]
[Black "BasterMater"]
[Result "0-1"]
[WhiteElo "1921"]
[BlackElo "1925"]

1. d4 d5 2. e3 Nf6 3. Nc3 c6 4. h3 Qc7 5. Nf3 Bf5 6. Bd3 Bxd3 7. Qxd3 e6 8. e4
Nxe4 9. Nxe4 dxe4 10. Qxe4 Bd6 11. Be3 Na6 12. O-O O-O 13. a3 Rae8 14. c4 c5 15.
dxc5 Nxc5 16. Bxc5 Bxc5 17. Qe5 Bd6 18. Qc3 h6 19. b4 b6 20. a4 Rc8 21. Rfc1 Be7
22. Qe1 Bf6 23. Ra2 Rfd8 24. Rd2 Be7 25. Rxd8+ Rxd8 26. h4 Qf4 27. c5 Rc8 28. c6
Bxb4 29. Qd1 Bc5 30. g3 Qxg3+ 31. Kh1 Qxf2 32. Rc2 Qg3 33. Rg2 Qf4 34. Qa1 f6
35. Qd1 Rxc6 0-1

[Event "Challenge"]
[Site "http://www.queenalice.com/game.php?id=1641918"]
[Date "2021.1.29"]
[Round "-"]
[White "BasterMater"]
[Black "BankerRasmus"]
[Result "0-1"]
[WhiteElo "1941"]
[BlackElo "1972"]

1. e4 e5 2. Nc3 Bc5 3. Bb5 Nc6 4. Nge2 Nd4 5. Ba4 c6 6. Nxd4 exd4 7. Ne2 Qh4 8.
d3 a5 9. c3 b5 10. cxd4 Bb4+ 11. Bd2 Bxd2+ 12. Qxd2 bxa4 13. O-O Qe7 14. f4 d6
15. Qc3 Rb8 16. e5 Bd7 17. f5 dxe5 18. dxe5 Qb4 19. Rab1 Qb6+ 20. Kh1 Bc8 21. e6
f6 22. Nd4 c5 23. Ne2 Ne7 24. Qd2 O-O 25. d4 Rd8 26. h3 cxd4 27. b3 Bb7 28. Kh2
Be4 29. Rbd1 Nxf5 30. Nf4 axb3 31. axb3 Qxb3 32. Rc1 Qg3+ 33. Kg1 Ne3 34. Rf2
Rb5 35. Re1 Rf5 36. e7 Re8 37. Qxd4 Nxg2 38. Nxg2 Bxg2 39. Ree2 Bxh3+ 40. Kh1
Rh5 41. Rh2 Qf3+ 42. Reg2 Bxg2+ 0-1

[Event "Challenge"]
[Site "http://www.queenalice.com/game.php?id=1642664"]
[Date "2021.2.5"]
[Round "-"]
[White "BasterMater"]
[Black "pomar"]
[Result "1-0"]
[WhiteElo "1903"]
[BlackElo "2064"]

1. e4 e6 2. d4 d5 3. Nc3 Bb4 4. exd5 Qxd5 5. Nf3 Nf6 6. Bd3 Ne4 7. Bxe4 Bxc3+ 8.
bxc3 Qxe4+ 9. Be3 Bd7 10. O-O Bc6 11. c4 h6 12. Qd3 Qg4 13. d5 exd5 14. cxd5 Bd7
15. Ne5 Qh5 16. Nxd7 Nxd7 17. d6 c6 18. Rfe1 O-O 19. h3 Rfd8 20. Qe4 Nf6 21. Qb4
b6 22. Rad1 Nd5 23. Qa3 c5 24. Qb3 Rd7 25. Qxd5 1-0

[Event "Challenge"]
[Site "http://www.queenalice.com/game.php?id=1646854"]
[Date "2021.3.16"]
[Round "-"]
[White "BasterMater"]
[Black "anax"]
[Result "1-0"]
[WhiteElo "1926"]
[BlackElo "1811"]

1. e4 e5 2. Nc3 d6 3. Nf3 h6 4. d4 Nc6 5. dxe5 dxe5 6. Be3 Bd6 7. Be2 a6 8. O-O
Be6 9. a3 Nf6 10. Ne1 g5 11. f3 Nd4 12. Bxd4 exd4 13. Nb1 Bc5 14. Kh1 Qe7 15.
Nd3 Bd6 16. e5 Bxe5 17. Nxe5 O-O-O 18. Bxa6 Rd6 19. Be2 Nh5 20. Nd2 Nf4 21. Ne4
Rd5 22. Nd3 Nxe2 23. Qxe2 f5 24. Nd2 h5 25. Rfe1 Rh6 26. Nb4 Rd6 27. c4 dxc3 28.
bxc3 g4 29. Kg1 Qf6 30. Rac1 Rg6 31. fxg4 hxg4 32. Rf1 Qh4 33. Qf2 1-0

[Event "Challenge"]
[Site "http://www.queenalice.com/game.php?id=1646896"]
[Date "2021.3.17"]
[Round "-"]
[White "dave_j"]
[Black "BasterMater"]
[Result "1-0"]
[WhiteElo "1923"]
[BlackElo "1937"]

1. d4 d5 2. Nf3 Nf6 3. e3 Bg4 4. h3 Bxf3 5. Qxf3 e6 6. a3 Bd6 7. Bd3 c6 8. e4
dxe4 9. Bxe4 Nxe4 10. Qxe4 O-O 11. c3 Nd7 12. O-O Qc7 13. f4 c5 14. Be3 cxd4 15.
Bxd4 Bc5 16. Nd2 Bxd4+ 17. Qxd4 Qb6 18. Qxb6 Nxb6 19. b3 Nd5 20. c4 Ne3 21. Rf3
Nc2 22. Ra2 Nd4 23. Rf2 Rfd8 24. b4 b6 25. Nf3 Nxf3+ 26. Rxf3 Rd4 27. Rc2 Rad8
28. Kh2 Rd3 29. c5 Rxf3 30. gxf3 Rd3 31. c6 Rd8 32. b5 Kf8 33. Rc4 Ke8 34. Ra4
Ra8 35. Rd4 a6 36. a4 axb5 37. axb5 Rc8 38. Rd7 Rb8 39. Rb7 1-0

[Event "Challenge"]
[Site "http://www.queenalice.com/game.php?id=1648246"]
[Date "2021.3.30"]
[Round "-"]
[White "BankerRasmus"]
[Black "BasterMater"]
[Result "0-1"]
[WhiteElo "1962"]
[BlackElo "1920"]

1. e4 c5 2. Nf3 Nc6 3. Bc4 e6 4. d4 cxd4 5. Nxd4 Bc5 6. c3 d5 7. exd5 exd5 8.
Bb5 Ne7 9. b4 Bxd4 10. Qxd4 O-O 11. Bd3 Nxd4 12. cxd4 Qb6 13. Bb2 Qxb4+ 14. Bc3
Qd6 15. O-O Bf5 16. Bb5 a6 17. Ba4 b5 18. Bb3 Bxb1 19. Rfxb1 Rac8 20. Rc1 Ng6
21. a3 Rfe8 22. g3 h6 23. f4 Ne7 24. Re1 Nc6 25. Rxe8+ Rxe8 26. a4 Re3 27. Rc1
b4 28. Bd2 Rxb3 0-1

[Event "Challenge"]
[Site "http://www.queenalice.com/game.php?id=1649766"]
[Date "2021.4.15"]
[Round "-"]
[White "dave_j"]
[Black "BasterMater"]
[Result "0-1"]
[WhiteElo "1953"]
[BlackElo "1938"]

1. d4 d5 2. Nf3 Nf6 3. e3 Bg4 4. Be2 Bxf3 5. Bxf3 c6 6. Bd2 e6 7. a3 Bd6 8. b4
Nbd7 9. g3 Nb6 10. O-O Nc4 11. c3 e5 12. Bc1 e4 13. Be2 O-O 14. Nd2 Nb6 15. f4
exf3 16. Bxf3 Nc8 17. c4 dxc4 18. Nxc4 Bc7 19. Bb2 Ne8 20. Qd3 Ncd6 21. Nd2 f6
22. Bg4 Qe7 23. Rf2 Rd8 24. e4 Nf7 25. Nb3 Ne5 26. Qe2 Nxg4 27. Qxg4 Qf7 28. Nc5
Bb6 29. Kg2 Bxc5 30. dxc5 a6 31. Raf1 Qd7 32. Qf3 Qe6 33. e5 Rd7 34. Re2 Qd5 35.
Qxd5+ Rxd5 36. Rf4 fxe5 37. Rfe4 Nf6 38. Rxe5 Rfd8 39. Kh3 Rxe5 40. Rxe5 Kf7 41.
Re3 Rd7 42. Re2 Re7 43. Rf2 Re6 44. g4 Ke7 45. Kh4 g5+ 46. Kxg5 Ne4+ 0-1

[Event "Challenge"]
[Site "http://www.queenalice.com/game.php?id=1758928"]
[Date "2021.5.8"]
[Round "-"]
[White "BasterMater"]
[Black "chessman"]
[Result "0-1"]
[WhiteElo "1913"]
[BlackElo "1940"]

1. e4 e6 2. d4 d5 3. Nc3 dxe4 4. Nxe4 Nd7 5. Nf3 Ngf6 6. Bd3 Be7 7. O-O O-O 8.
Bd2 Nxe4 9. Bxe4 Nf6 10. Bd3 b6 11. c3 Bb7 12. Be2 c5 13. dxc5 Bxc5 14. Bg5 Be7
15. Bxf6 Bxf6 16. Qc2 Qc7 17. Rad1 Rad8 18. Rxd8 Rxd8 19. Rd1 h6 20. Rxd8+ Qxd8
21. Kf1 Qd7 22. Ne1 Qc6 23. Bf3 Qc4+ 24. Qd3 Qxd3+ 25. Nxd3 Bxf3 26. gxf3 Kf8
27. Nb4 Ke8 28. Nc6 a6 29. Nb4 a5 30. Nc2 Kd7 31. Ne3 Kc6 32. Ng4 Be7 33. Ne5+
Kd5 34. Nxf7 b5 35. Nh8 Bf6 36. Ng6 Kc4 37. Ke2 b4 38. cxb4 Bxb2 39. bxa5 Kb5
40. Nf4 Kxa5 41. Nxe6 Ka4 42. Ke3 Ka3 43. Kf4 Kxa2 44. Kf5 Kb3 45. Kg6 Kc4 0-1

[Event "Challenge"]
[Site "http://www.queenalice.com/game.php?id=1759296"]
[Date "2021.5.12"]
[Round "-"]
[White "BasterMater"]
[Black "dave_j"]
[Result "0-1"]
[WhiteElo "1955"]
[BlackElo "1969"]

1. d4 Nf6 2. c3 d5 3. Bg5 e6 4. Nf3 Be7 5. Bxf6 Bxf6 6. e3 Bd7 7. Bd3 Nc6 8.
Nbd2 a6 9. O-O Ne7 10. Qc2 g6 11. Ne1 O-O 12. e4 Bg7 13. e5 c6 14. f4 f5 15.
exf6 Rxf6 16. g3 b5 17. Ndf3 Qc7 18. Ne5 Raf8 19. Ng2 Bc8 20. Ne3 c5 21. N3g4 c4
22. Be2 Rf5 23. Ne3 R5f6 24. Qd2 Rd8 25. N3g4 Rff8 26. h4 Nf5 27. Kg2 Bd7 28.
Nxd7 Qxd7 29. Ne5 Bxe5 30. fxe5 Qg7 31. Bg4 h5 32. Bxf5 gxf5 33. Qe2 Qg6 34. Qe3
Rd7 35. a3 Rdf7 36. a4 f4 37. Qf3 fxg3 38. Qe2 Rf2+ 0-1

[Event "Challenge"]
[Site "http://www.queenalice.com/game.php?id=1762421"]
[Date "2021.6.17"]
[Round "-"]
[White "princesher"]
[Black "BasterMater"]
[Result "1-0"]
[WhiteElo "2010"]
[BlackElo "1926"]

1. e4 c5 2. d3 Nc6 3. c3 e6 4. g3 d5 5. Bg2 d4 6. f4 e5 7. f5 Bd6 8. a3 h5 9. c4
h4 10. g4 Bd7 11. Nh3 f6 12. Nd2 Qb6 13. Qb3 Qxb3 14. Nxb3 Nge7 15. Nd2 g5 16.
Nb3 Rg8 17. Nf2 O-O-O 18. h3 1-0

[Event "Challenge"]
[Site "http://www.queenalice.com/game.php?id=1765472"]
[Date "2021.7.27"]
[Round "-"]
[White "BasterMater"]
[Black "dave_j"]
[Result "1-0"]
[WhiteElo "1915"]
[BlackElo "2075"]

1. e4 c5 2. Nf3 d6 3. d4 cxd4 4. Nxd4 e5 5. Nf3 Nf6 6. Nc3 a6 7. a4 h6 8. Be2
Be7 9. O-O Be6 10. Bd2 Nc6 11. Ne1 Nh7 12. Kh1 Qd7 13. Be3 Ng5 14. f4 exf4 15.
Bxf4 O-O 16. Nd3 f6 17. Qd2 f5 18. e5 dxe5 19. Be3 e4 20. Nf4 Qxd2 21. Bxd2 Rad8
22. Be3 Rd7 23. Nxe6 Nxe6 24. Bc4 Kf7 25. Rxf5+ Bf6 26. Nxe4 Ke8 27. Bxe6 Re7
28. Bd5 Rd7 29. Nxf6+ gxf6 30. Bxc6 bxc6 31. h3 Rh7 32. Rd1 Ke7 33. Bc5+ 1-0

[Event "Challenge"]
[Site "http://www.queenalice.com/game.php?id=1765473"]
[Date "2021.7.27"]
[Round "-"]
[White "dave_j"]
[Black "BasterMater"]
[Result "1-0"]
[WhiteElo "2053"]
[BlackElo "1937"]

1. d4 d5 2. Nf3 Nf6 3. g3 Bg4 4. Bg2 c6 5. Ne5 Bh5 6. Bg5 e6 7. g4 Bg6 8. Nxg6
hxg6 9. f3 Bd6 10. h3 Bg3+ 11. Kf1 Nbd7 12. Nc3 Qc7 13. Qd2 O-O-O 14. e4 dxe4
15. fxe4 Rde8 16. e5 Nh7 17. Ne4 Nxg5 18. Nd6+ Kb8 19. Nxe8 Rxe8 20. Qxg5 Qb6
21. Rd1 Qb5+ 22. Rd3 Qc4 23. Qe3 Bh4 24. Kg1 Qxc2 25. Rb3 Nb6 26. Kh2 Nd5 27.
Qf3 f6 28. Qd3 Qf2 29. Rf1 Bg3+ 30. Qxg3 Qxd4 31. exf6+ Ka8 32. f7 Rf8 33. Bxd5
exd5 34. Re3 a6 35. Re8+ 1-0

[Event "Challenge"]
[Site "http://www.queenalice.com/game.php?id=1765675"]
[Date "2021.7.29"]
[Round "-"]
[White "BankerRasmus"]
[Black "BasterMater"]
[Result "0-1"]
[WhiteElo "1926"]
[BlackElo "1898"]

1. e4 c5 2. Nf3 Nc6 3. Bc4 e6 4. c3 d5 5. exd5 exd5 6. Bb5 Bd6 7. Qe2+ Ne7 8.
Ng5 O-O 9. d4 cxd4 10. cxd4 h6 11. Nf3 Bg4 12. O-O Nxd4 13. Qd3 Nxb5 14. Qxb5
Bxf3 15. gxf3 b6 16. Nc3 d4 17. Nd5 Nxd5 18. Qxd5 Bxh2+ 0-1

[Event "Challenge"]
[Site "http://www.queenalice.com/game.php?id=1768197"]
[Date "2021.8.28"]
[Round "-"]
[White "BankerRasmus"]
[Black "BasterMater"]
[Result "1-0"]
[WhiteElo "1920"]
[BlackElo "1913"]

1. e4 c5 2. Nc3 Nc6 3. Nf3 e6 4. d4 cxd4 5. Nxd4 g6 6. Nxc6 bxc6 7. e5 Bg7 8.
Qd6 Ne7 9. h4 Nf5 10. Qc5 Qe7 11. Qxe7+ Nxe7 12. f4 O-O 13. h5 Nf5 14. Ne4 d5
15. Ng5 Bh6 16. hxg6 fxg6 17. Bd3 Bxg5 18. fxg5 Bd7 19. Bf4 Nd4 20. Be3 Nf5 21.
Bc5 Rf7 22. O-O-O a5 23. Rdf1 Rg7 24. Rf3 Rf7 25. Rhh3 a4 26. g4 Ra5 27. Bb4 Ra8
28. gxf5 exf5 29. c4 Rc8 30. cxd5 cxd5+ 31. Kd2 Be6 32. Bb5 Rb8 33. Bxa4 Rxb4
34. Bb3 Rg4 35. Rhg3 Rxg3 36. Rxg3 Kf8 37. Rd3 Rd7 38. Rd4 Ke7 39. Bc2 Rb7 40.
b4 Kd7 41. Bb3 Kc6 42. a4 Rb8 43. Kc3 Rh8 44. Rh4 d4+ 45. Kb2 Bxb3 46. Kxb3 Kd5
47. e6 Kxe6 48. Kc4 Ke5 49. Rxd4 h6 50. gxh6 Rxh6 51. b5 g5 52. Rd5+ Kf4 53. a5
g4 54. b6 g3 55. b7 Rh8 56. Rd2 Kf3 57. Rd3+ Kg4 58. Rd1 f4 59. a6 g2 60. a7 f3
61. b8=Q 1-0

[Event "Challenge"]
[Site "http://www.queenalice.com/game.php?id=1768198"]
[Date "2021.8.28"]
[Round "-"]
[White "BasterMater"]
[Black "chessman"]
[Result "0-1"]
[WhiteElo "1926"]
[BlackElo "1994"]

1. e4 e6 2. d4 d5 3. exd5 exd5 4. Bd3 Nf6 5. Ne2 Bd6 6. Bf4 O-O 7. O-O Bg4 8. f3
Bxf4 9. Nxf4 Bd7 10. Nd2 c6 11. c3 Qb6 12. Nb3 Na6 13. Rb1 Nc7 14. Nc5 Ne6 15.
Nfxe6 Bxe6 16. Nxe6 fxe6 17. a3 c5 18. Kh1 cxd4 19. cxd4 Kh8 20. Be2 Rac8 21. h3
Rc7 22. Qd2 Rfc8 23. Qe3 e5 24. Rfd1 e4 25. b4 Rc3 26. Qf4 Rxa3 27. b5 Ra2 28.
Bf1 Ra3 29. fxe4 Nxe4 30. Rd3 Rxd3 31. Bxd3 Qf6 32. Qxf6 Nxf6 33. Kg1 Nh5 34.
Ra1 Ra8 35. Re1 g6 36. Re7 Rb8 37. Rd7 Kg8 38. Bc2 Nf4 39. Kf2 a6 40. bxa6 bxa6
41. Ra7 Rb2 42. Kf3 Ne6 43. Rxa6 Nxd4+ 0-1

[Event "Challenge"]
[Site "http://www.queenalice.com/game.php?id=1768199"]
[Date "2021.8.28"]
[Round "-"]
[White "princesher"]
[Black "BasterMater"]
[Result "1-0"]
[WhiteElo "1956"]
[BlackElo "1891"]

1. e4 c5 2. d3 d5 3. exd5 Qxd5 4. h3 Nf6 5. c4 Qe5+ 6. Qe2 Nc6 7. Qxe5 Nxe5 8.
Nf3 Nxf3+ 9. gxf3 e5 10. Bg2 Rb8 11. Nc3 a6 12. b3 Bf5 13. Ne4 Nxe4 14. fxe4 Bd7
15. O-O Bd6 16. f4 exf4 17. Bxf4 Bxf4 18. Rxf4 O-O 19. Kh2 f6 20. a4 Rfd8 21.
Rd1 b5 22. axb5 axb5 23. h4 bxc4 24. bxc4 Be6 25. Bf3 Rb3 26. Be2 Rb2 27. Rf2
Bg4 28. Re1 Rxd3 29. Bxd3 Rxf2+ 30. Kg1 Rd2 31. Bb1 Rd4 32. Ba2 Bf3 33. e5 fxe5
34. Rxe5 Rxh4 35. Rxc5 Kf8 36. Rc8+ Ke7 37. c5 Ra4 38. Bg8 Be4 39. Rc7+ Kf6 40.
Rf7+ Kg6 41. Rd7 Ra1+ 42. Kf2 Rc1 43. Rd6+ Kg5 44. Ke3 Bf5 45. Rd5 Kf6 46. Rd6+
Ke7 47. Rd5 Bg6 48. Re5+ Kf6 49. Re6+ Kg5 50. Kd4 h5 51. Re5+ Kf4 52. Re7 Rd1+
53. Kc3 Rc1+ 54. Kb4 h4 55. Rxg7 Bf5 56. Rf7 Kg4 57. Rg7+ Kf4 58. Rf7 Ke5 59.
Re7+ Kf6 60. Re6+ Bxe6 61. Bh7 h3 62. Kb5 Bd5 63. Kb6 h2 64. Bd3 1-0

[Event "Challenge"]
[Site "http://www.queenalice.com/game.php?id=1774088"]
[Date "2021.11.5"]
[Round "-"]
[White "chessman"]
[Black "BasterMater"]
[Result "0-1"]
[WhiteElo "1958"]
[BlackElo "1897"]

1. e4 c5 2. Nf3 Nc6 3. d4 cxd4 4. Nxd4 e5 5. Nb5 Nf6 6. Nd6+ Bxd6 7. Qxd6 Qe7 8.
Qxe7+ Kxe7 9. Bd3 d5 10. Bg5 dxe4 11. Bxe4 h6 12. Bxf6+ gxf6 13. Bxc6 bxc6 14.
Nc3 Bf5 15. O-O-O Rhg8 16. g3 a5 17. Rhe1 Rad8 18. Rxd8 Rxd8 19. f4 Ke6 20. Ne4
Rd4 21. Nc3 Kd6 22. fxe5+ fxe5 23. Rd1 Rxd1+ 24. Kxd1 Kc5 25. Nb1 Kd4 26. Kd2
Be6 27. a3 h5 28. Ke2 Bg4+ 29. Kf2 Bd1 30. Nc3 Bxc2 31. Ke2 Bf5 32. Kd2 f6 33.
Ke2 Kc4 34. Kd2 Kb3 0-1

[Event "Challenge"]
[Site "http://www.queenalice.com/game.php?id=1776435"]
[Date "2021.12.7"]
[Round "-"]
[White "BankerRasmus"]
[Black "BasterMater"]
[Result "1-0"]
[WhiteElo "1923"]
[BlackElo "1906"]

1. e4 e5 2. c3 Nf6 3. Bd3 d5 4. Qb3 dxe4 5. Bxe4 Nxe4 6. Qa4+ Nc6 7. Qxe4 Bd6 8.
d4 O-O 9. d5 Ne7 10. c4 Bf5 11. Qh4 Qd7 12. Nc3 Ng6 13. Qh5 h6 14. Bxh6 Bg4 15.
Qg5 gxh6 16. Qxh6 1-0